000 00474nam a2200181Ia 4500
003 IN-BaIIA
008 211028s9999 xx 000 0 eng d
020 _a0-486-60532-9
040 _cIIA Library
080 _a535
_bDRU
100 _aDrude, Paul
_95689
245 4 _aThe theory of optics
_cPaul Drude
260 _aNew York
_bDover Publications
_c1959
300 _axxi, 546p.
650 _aAstronomy and astrophysics thesaurus
650 _aOptics
942 _cBK
999 _c3202
_d3202